000 00612nam a2200193Ia 4500
003 GCL
008 140319s9999 xx 000 0 ara d
040 _aGCL /
_cGCL
082 0 4 _aق
_b069.63
_bو م
100 1 _aوزارة الزراعة
245 1 0 _aالمتحف الزراعى : موجز قسم الزراعة المصرية القديمة /
_cوزارة الزراعة
260 _a[S.N] :
_bوزارة الزراعة ،
_c1957
490 _a
650 0 4 _aالزراعة
650 0 4 _aمصر القديمة
650 0 4 _aالمتاحف
650 0 4 _aالمتحف الزراعى
942 _2ddc
_cBK
999 _c36460
_d36460